00486nam a22001817a 45000010008000000030006000080050017000140080041000310100017000720200031000890400018001200820015001381000014001532450040001672600052002073000027002596500018002862773628GBCCL20241126110339.0810610|1981 ||| 000 0 eng  a 80069797  a0960546405 (pbk.) :c$4.95 aDLCcDLCdDLC a227.3bBER1 aBerg, Mel14aThe thorn in the flesh /cMel Berg. aDenver, Colo. :bAlpha and Omega Books,cc1981. a217 p. : ill. ; 21 cm. 22 CORINTHIANS